[Event "Sao Paulo Karman Cup 2nd"]
[Site "Sao Paulo"]
[Date "2014.11.23"]
[Round "6"]
[White "Pastana, Rafael Pedroni"]
[Black "Van Riemsdijk, Felipe Herman"]
[Result "1-0"]
[WhiteElo "1930"]
[BlackElo "1755"]
[PlyCount "31"]
[EventDate "2014.11.21"]
[EventType "swiss"]
[EventRounds "6"]
[EventCountry "BRA"]
[SourceTitle "CBM 163 Extra"]
[Source "ChessBase"]
[SourceDate "2014.12.23"]
[SourceVersion "1"]
[SourceVersionDate "2014.12.23"]
[SourceQuality "1"]

1. c4 b6 2. Nc3 Nf6 3. d4 d5 4. e3 e6 5. a3 Bb7 6. Nf3 Nbd7 7. Bd3 Be7 8. cxd5 exd5 9. 0-0 0-0 10. Qc2 Re8 11. Ne5 g6 12. f4 c5 13. Bd2 Nxe5 14. fxe5 c4 15. exf6 cxd3 16. fxe7 1-0

[Event "Sao Paulo Karman Cup 2nd"]
[Site "Sao Paulo"]
[Date "2014.11.22"]
[Round "4"]
[White "Salama, Andre Sasson"]
[Black "Van Riemsdijk, Felipe Herman"]
[Result "1/2-1/2"]
[WhiteElo "1990"]
[BlackElo "1755"]
[PlyCount "66"]
[EventDate "2014.11.21"]
[EventType "swiss"]
[EventRounds "6"]
[EventCountry "BRA"]
[SourceTitle "CBM 163 Extra"]
[Source "ChessBase"]
[SourceDate "2014.12.23"]
[SourceVersion "1"]
[SourceVersionDate "2014.12.23"]
[SourceQuality "1"]

1. e4 e5 2. Nf3 Nc6 3. Bb5 f5 4. Bxc6 dxc6 5. Nc3 Bd6 6. d3 Nf6 7. Qe2 0-0 8. Bg5 h6 9. Bd2 fxe4 10. Nxe4 Nxe4 11. Qxe4 Qf6 12. 0-0-0 Be6 13. c4 Bf5 14. Qe3 Rae8 15. Ne1 b6 16. f3 Bc5 17. Qe2 Bd4 18. Be3 c5 19. h4 Bd7 20. Nc2 Qc6 21. Qd2 a6 22. Rhe1 b5 23. Bxd4 exd4 24. Rxe8 Rxe8 25. Re1 Rxe1+ 26. Qxe1 Bf5 27. Qf1 bxc4 28. dxc4 Qg6 29. Qf2 Bd3 30. b3 a5 31. a4 Bxc2 32. Qxc2 Qf6 33. Qd2 Qxh4 1/2-1/2

[Event "Sao Paulo Karman Cup 2nd"]
[Site "Sao Paulo"]
[Date "2014.11.22"]
[Round "3"]
[White "Van Riemsdijk, Felipe Herman"]
[Black "Goncalves, Marcus Vinicius M"]
[Result "1-0"]
[WhiteElo "1755"]
[BlackElo "1958"]
[PlyCount "100"]
[EventDate "2014.11.21"]
[EventType "swiss"]
[EventRounds "6"]
[EventCountry "BRA"]
[SourceTitle "CBM 163 Extra"]
[Source "ChessBase"]
[SourceDate "2014.12.23"]
[SourceVersion "1"]
[SourceVersionDate "2014.12.23"]
[SourceQuality "1"]

1. e4 c6 2. d4 d5 3. e5 c5 4. c3 Nc6 5. Nf3 Bg4 6. Bb5 Bxf3 7. Qxf3 e6 8. Be3 Qb6 9. Na3 c4 10. 0-0 Bxa3 11. Bxc6+ Qxc6 12. bxa3 Ne7 13. Bg5 Ng6 14. h4 h6 15. h5 Nxe5 16. dxe5 hxg5 17. Rab1 Qc7 18. Rfe1 b6 19. Rb4 0-0 20. Qg4 Qe7 21. a4 Rae8 22. Re3 f5 23. exf6 gxf6 24. Rg3 Kh7 25. a5 bxa5 26. Rb5 Qc7 27. Re3 a6 28. Rb1 Qf4 29. Rb7+ Kg8 30. Qd1 Rf7 31. Rb6 Rfe7 32. Qc2 f5 33. Qe2 e5 34. Rxa6 e4 35. Rxa5 Rb8 36. Rxd5 Rc7 37. g3 Rb1+ 38. Kg2 Qg4 39. Qxg4 fxg4 40. Rxg5+ Kh7 41. Rxe4 Rb2 42. Rgxg4 Rxa2 43. Rxc4 Rf7 44. Rgf4 Re7 45. Rf6 Ra1 46. Rcf4 Ree1 47. Rg6 Rg1+ 48. Kf3 Ra3 49. Rf7+ Kh8 50. Rc6 Ra8 1-0

[Event "Sao Paulo Karman Cup 2nd"]
[Site "Sao Paulo"]
[Date "2014.11.21"]
[Round "2"]
[White "Van Riemsdijk, Felipe Herman"]
[Black "Cirilo, Guilherme de Araujo"]
[Result "1-0"]
[WhiteElo "1755"]
[BlackElo "1889"]
[PlyCount "69"]
[EventDate "2014.11.21"]
[EventType "swiss"]
[EventRounds "6"]
[EventCountry "BRA"]
[SourceTitle "CBM 163 Extra"]
[Source "ChessBase"]
[SourceDate "2014.12.23"]
[SourceVersion "1"]
[SourceVersionDate "2014.12.23"]
[SourceQuality "1"]

1. e4 c6 2. d4 d5 3. e5 Bf5 4. Bd3 Bxd3 5. Qxd3 e6 6. Nf3 Qa5+ 7. Bd2 Qa6 8. Qxa6 Nxa6 9. 0-0 Nb4 10. Na3 c5 11. Bxb4 cxb4 12. Nb5 Kd7 13. c3 a6 14. Nd6 Bxd6 15. exd6 bxc3 16. Ne5+ Ke8 17. bxc3 f6 18. Nd3 b6 19. Rab1 Rb8 20. Nf4 Kd7 21. Rfe1 g5 22. Nxe6 Kxd6 23. Nc5 a5 24. Re6+ Kc7 25. Na6+ Kd7 26. Rexb6 Rxb6 27. Rxb6 Ne7 28. Nc5+ Kd8 29. Rxf6 Re8 30. f3 Kc7 31. Rf7 Kc6 32. a4 Ng6 33. Kf2 Nf4 34. g3 Ne2 35. Rf6+ 1-0